| 000 | 00686cam a2200181 4500 | ||
|---|---|---|---|
| 001 | BARQ000479 | ||
| 008 | 1992 spa | ||
| 035 | _aBARQ000479 | ||
| 050 | 4 |
_aHD7287 _bA3 1992 |
|
| 245 | 0 |
_aAcuerdos tomados en la Reunión Nacional para el Fomento y Desregulación de la Vivienda : Diario oficial de la federación, Fomento a la vivienda 1992 / _cGobierno del Estado de Michoacán, SEDESOL. |
|
| 260 |
_aMéxico : _bSEDESOL - Michoacán, _c1992 |
||
| 300 | _ap.v. | ||
| 650 | 4 | _aPropiedad privada | |
| 650 | 4 | _aTrabajo y trabajadores | |
| 650 | 4 |
_aAlojamiento _xArquitectura habitacional |
|
| 700 | 1 | _aGobierno del Estado de Michoacán | |
| 942 |
_2lcc _cLIB |
||
| 999 |
_c115839 _d115839 |
||